Handbook of gender (Record no. 161066)
[ view plain ]
| 000 -LEADER | |
|---|---|
| fixed length control field | 00559nam a2200229Ia 4500 |
| 003 - CONTROL NUMBER IDENTIFIER | |
| control field | OSt |
| 005 - DATE AND TIME OF LATEST TRANSACTION | |
| control field | 20250926185027.0 |
| 008 - FIXED-LENGTH DATA ELEMENTS--GENERAL INFORMATION | |
| fixed length control field | 210423s2012 xx 000 0 und d |
| 020 ## - INTERNATIONAL STANDARD BOOK NUMBER | |
| International Standard Book Number | 978198071471 |
| 040 ## - CATALOGING SOURCE | |
| Transcribing agency | AL |
| 041 ## - LANGUAGE CODE | |
| Language code of text/sound track or separate title | English |
| 082 ## - DEWEY DECIMAL CLASSIFICATION NUMBER | |
| Classification number | 305.3014 |
| Item number | RAYH |
| 100 ## - MAIN ENTRY--PERSONAL NAME | |
| Personal name | Raka Ray |
| 9 (RLIN) | 93041 |
| 245 ## - TITLE STATEMENT | |
| Title | Handbook of gender |
| 260 ## - PUBLICATION, DISTRIBUTION, ETC. | |
| Name of publisher, distributor, etc. | Oxford University Press |
| Date of publication, distribution, etc. | 2012 |
| 300 ## - PHYSICAL DESCRIPTION | |
| Extent | xv,573 |
| Other physical details | PB |
| 365 ## - TRADE PRICE | |
| Price amount | 1295 |
| Currency code | INR |
| 650 ## - SUBJECT ADDED ENTRY--TOPICAL TERM | |
| Topical term or geographic name entry element | Social Groups |
| 9 (RLIN) | 93042 |
| 650 ## - SUBJECT ADDED ENTRY--TOPICAL TERM | |
| Topical term or geographic name entry element | Social Sciences |
| 9 (RLIN) | 93043 |
| 906 ## - LOCAL DATA ELEMENT F, LDF (RLIN) | |
| a | gender ; Handbook |
| 942 ## - ADDED ENTRY ELEMENTS (KOHA) | |
| Source of classification or shelving scheme | Dewey Decimal Classification |
| Koha item type | Book |
| Withdrawn status | Lost status | Source of classification or shelving scheme | Damaged status | Not for loan | Collection code | Home library | Current library | Date acquired | Source of acquisition | Cost, normal purchase price | Total Checkouts | Full call number | Barcode | Date last seen | Date last checked out | Price effective from | Koha item type |
|---|---|---|---|---|---|---|---|---|---|---|---|---|---|---|---|---|---|
| Dewey Decimal Classification | MA English | St Aloysius PG Library | St Aloysius PG Library | 03/05/2013 | Athulya Books | 1295.00 | 1 | 305.3014 RAYH | PG007547 | 01/21/2023 | 01/17/2023 | 04/26/2021 | Book |